000 00344nam a22001457a 4500
008 230207b ||||| |||| 00| 0 eng d
020 _a9780534404512
041 _aeng
080 _2FOURTH EDITION
_a51
082 _a51TIM
100 _a20
101 _aMATEM
245 _aFUNDAMENTALS OF ALGEBRAIC MODELING
_cTIMMONS L D
942 _2udc
_cBK
999 _c59320
_d59320